[Event "2.BLO 1617 Nickelhütte Aue - SK Passau"]
[Site "?"]
[Date "2016.10.15"]
[Round "1.1"]
[White "Velicka, Petr"]
[Black "Papp, Gabor"]
[Result "1/2-1/2"]
[WhiteElo "2435"]
[BlackElo "2583"]
[PlyCount "127"]
[EventDate "2016.??.??"]

1. e4 c5 2. Nf3 e6 3. d4 cxd4 4. Nxd4 Nc6 5. Nb5 d6 6. c4 Nf6 7. N1c3 a6 8. Na3
Be7 9. Be2 O-O 10. O-O b6 11. Be3 Bb7 12. Qb3 Ne5 13. Bxb6 Qd7 14. Bd4 Nxe4 15.
Nxe4 Bxe4 16. Qc3 f6 17. f3 Bb7 18. f4 Nc6 19. Be3 f5 20. Rad1 Bf6 21. Qd2 Qf7
22. Bf3 Rfd8 23. b3 Qc7 24. Nc2 Rd7 25. Nd4 Re8 26. Nxc6 Bxc6 27. Bxc6 Qxc6 28.
Bd4 Bxd4+ 29. Qxd4 Rc8 30. Rfe1 Kf7 31. Qe3 Qc5 32. Rd4 Re8 33. Qf2 Red8 34.
Red1 a5 35. h3 h6 36. Kh1 Re7 37. Qe2 g6 38. Qe1 Red7 39. Qh4 Kg7 40. R4d3 Re8
41. Rg3 Rf8 42. Qh5 Rf6 43. Qe2 Re7 44. Re3 g5 45. Red3 gxf4 46. Rxd6 Qe3 47.
Qh5 Rg6 48. Rd7 Rxd7 49. Rxd7+ Kf6 50. Qd1 Rg3 51. Rh7 Kg6 52. Qd7 Kh5 53. Rg7
Rxg7 54. Qxg7 f3 55. Kh2 fxg2 56. Qf7+ Kh4 57. Qf6+ Qg5 58. Qxg5+ Kxg5 59. a3
Kf4 60. Kxg2 Ke4 61. b4 axb4 62. axb4 Kd4 63. b5 Kc5 64. Kf3 1/2-1/2

[Event "2.BLO 1617 Nickelhütte Aue - SK Passau"]
[Site "?"]
[Date "2016.10.15"]
[Round "1.2"]
[White "Prohaszka, Peter"]
[Black "Suran, Jan"]
[Result "1-0"]
[WhiteElo "2591"]
[BlackElo "2421"]
[PlyCount "93"]
[EventDate "2016.??.??"]

1. d4 Nf6 2. Nf3 e6 3. Bf4 c5 4. e3 Nc6 5. c3 d5 6. Nbd2 Bd6 7. Bg3 O-O 8. Bd3
b6 9. Qe2 Bb7 10. Rd1 Qe7 11. e4 dxe4 12. Nxe4 Nxe4 13. Bxe4 Rad8 14. dxc5 Bxc5
15. O-O Rxd1 16. Rxd1 Rd8 17. h4 h6 18. h5 Rxd1+ 19. Qxd1 b5 20. Qe2 a6 21. Bc2
Bb6 22. a4 bxa4 23. Qe4 f5 24. Qxa4 Bc5 25. Qc4 Kh7 26. Nh4 Na5 27. Qe2 Bd6 28.
Ng6 Qg5 29. Kh2 Bxg3+ 30. fxg3 Bd5 31. Nf8+ Kh8 32. Nxe6 Bxe6 33. Qxe6 Qxh5+
34. Kg1 Qg5 35. Qc8+ Kh7 36. Qxf5+ Qxf5 37. Bxf5+ g6 38. Bd3 Nb3 39. Bxa6 Kg7
40. Kf2 Kf6 41. Ke3 Ke5 42. Bd3 g5 43. Bc2 Na5 44. Kd3 Nc6 45. Bd1 Kf5 46. g4+
Kf4 47. b4 1-0

[Event "2.BLO 1617 Nickelhütte Aue - SK Passau"]
[Site "?"]
[Date "2016.10.15"]
[Round "1.3"]
[White "Schwabeneder, Florian"]
[Black "Meijers, Viesturs"]
[Result "0-1"]
[WhiteElo "2344"]
[BlackElo "2455"]
[PlyCount "80"]
[EventDate "2016.??.??"]

1. e4 c5 2. Nf3 e6 3. d4 cxd4 4. Nxd4 a6 5. c4 Nf6 6. Nc3 d6 7. Be2 Be7 8. O-O
Bd7 9. Be3 Nc6 10. Nb3 O-O 11. c5 Be8 12. Rc1 Qc7 13. Bf4 Rd8 14. Qc2 Ne5 15.
Bxe5 dxe5 16. Rfd1 Bc6 17. Rxd8 Rxd8 18. Bf3 g6 19. Qe2 Bf8 20. Qe3 h5 21. Rd1
Rxd1+ 22. Bxd1 Nd7 23. Be2 Be7 24. Qg3 Kh7 25. Qf3 Kg7 26. Qg3 Qd8 27. h3 h4
28. Qe3 Qf8 29. Na5 Bxc5 30. Qd3 Qc8 31. Nxc6 Qxc6 32. Kf1 Bd4 33. Bf3 Nc5 34.
Qc2 Nd7 35. Qd2 Nb6 36. Nd1 Qc4+ 37. Kg1 Qxa2 38. Qg5 Nc4 39. Qxh4 Nxb2 40.
Nxb2 Qxb2 0-1

[Event "2.BLO 1617 Nickelhütte Aue - SK Passau"]
[Site "?"]
[Date "2016.10.15"]
[Round "1.4"]
[White "Gaponenko, Inna"]
[Black "Weiss, Christian"]
[Result "1/2-1/2"]
[WhiteElo "2421"]
[BlackElo "2361"]
[PlyCount "64"]
[EventDate "2016.??.??"]

1. e4 c5 2. Nf3 e6 3. d4 cxd4 4. Nxd4 a6 5. c4 Nf6 6. Nc3 Qc7 7. a3 b6 8. Be3
Bb7 9. f3 d6 10. Be2 Be7 11. O-O O-O 12. Qd2 Nbd7 13. Rfc1 Rac8 14. a4 Qb8 15.
a5 Bd8 16. axb6 Nxb6 17. Nd1 Nbd7 18. b4 Bb6 19. Kh1 Rfd8 20. Qe1 Re8 21. Qd2
h5 22. Bg1 h4 23. Nf2 Ne5 24. Nh3 Ng6 25. Bf1 Nd7 26. Nb3 Bxg1 27. Kxg1 Red8
28. Nf2 Nf6 29. Qe1 Nd7 30. Qd2 Nf6 31. Qe1 Nd7 32. Qd2 Nf6 1/2-1/2

[Event "2.BLO 1617 Nickelhütte Aue - SK Passau"]
[Site "?"]
[Date "2016.10.15"]
[Round "1.5"]
[White "Hiermann, Dietmar"]
[Black "Eichner, Sebastian"]
[Result "1/2-1/2"]
[WhiteElo "2292"]
[BlackElo "2364"]
[PlyCount "89"]
[EventDate "2016.??.??"]

1. e4 e6 2. d4 d5 3. Nc3 Nf6 4. e5 Nfd7 5. f4 c5 6. Nf3 Be7 7. Be3 b6 8. g3 O-O
9. h4 Nc6 10. a3 Kh8 11. Qd2 a5 12. h5 Ba6 13. Bxa6 Rxa6 14. g4 a4 15. O-O-O
Na5 16. f5 Nc4 17. Qe2 b5 18. h6 g6 19. f6 Bxf6 20. exf6 b4 21. Nd2 Nxe3 22.
Qxe3 cxd4 23. Qe2 d3 24. Qxd3 Nc5 25. Qd4 bxc3 26. Qxc5 cxd2+ 27. Rxd2 Kg8 28.
g5 Qb8 29. Qe3 Rb6 30. c3 e5 31. Re1 Re8 32. Qe2 Rb5 33. Red1 d4 34. cxd4 exd4
35. Qg2 Qf4 36. Kb1 Rxg5 37. Qc6 Rge5 38. Rxd4 Qxh6 39. Qxa4 Qe3 40. Ka2 h5 41.
Rd8 g5 42. R1d3 Qe4 43. R3d4 Qe2 44. Rd2 Qe4 45. R2d4 1/2-1/2

[Event "2.BLO 1617 Nickelhütte Aue - SK Passau"]
[Site "?"]
[Date "2016.10.15"]
[Round "1.6"]
[White "Spiess, Gunter"]
[Black "Testor, Sebastian"]
[Result "1-0"]
[WhiteElo "2425"]
[BlackElo "2316"]
[PlyCount "115"]
[EventDate "2016.??.??"]

1. c4 Nf6 2. Nf3 e6 3. d4 b6 4. g3 Ba6 5. Qc2 Bb7 6. Bg2 c5 7. d5 exd5 8. cxd5
Nxd5 9. O-O Be7 10. Rd1 Nc6 11. Qa4 Nf6 12. Nc3 O-O 13. Nh4 Qc8 14. Nf5 Re8 15.
Nb5 Nd4 16. Rxd4 Bxg2 17. Rg4 Bh3 18. Rxg7+ Kh8 19. Nbd6 Bxd6 20. Nxd6 Qb8 21.
Nxe8 Qxe8 22. Qh4 Qe6 23. Bg5 Kxg7 24. Qh6+ Kg8 25. Bxf6 Qg4 26. Bc3 f6 27. f3
Qe6 28. g4 Bxg4 29. fxg4 Qxg4+ 30. Kf2 Qf5+ 31. Ke1 Kf7 32. Rd1 d5 33. Rd3 d4
34. Rf3 Qg6 35. Qxg6+ hxg6 36. Bd2 Re8 37. Kf2 Re5 38. e3 dxe3+ 39. Rxe3 Rh5
40. h3 Rd5 41. Ke2 Rh5 42. Ra3 Ke6 43. Rxa7 Rxh3 44. Rb7 Rh2+ 45. Kd3 g5 46.
Rxb6+ Kf5 47. Rb5 Rh3+ 48. Be3 Kg4 49. Rxc5 f5 50. Ke2 f4 51. Bf2 Rh1 52. a4
Rb1 53. Bd4 f3+ 54. Kf2 Rh1 55. Bf6 Rh2+ 56. Kg1 f2+ 57. Kf1 Kf3 58. Rf5+ 1-0

[Event "2.BLO 1617 Nickelhütte Aue - SK Passau"]
[Site "?"]
[Date "2016.10.15"]
[Round "1.7"]
[White "Hellmayr, Alois"]
[Black "Londyn, Radek"]
[Result "0-1"]
[WhiteElo "2252"]
[BlackElo "2422"]
[PlyCount "132"]
[EventDate "2016.??.??"]

1. Nf3 e6 2. g3 f5 3. Bg2 Nf6 4. d3 d5 5. O-O Bd6 6. c4 dxc4 7. Qa4+ Nbd7 8.
Qxc4 Qe7 9. Nc3 a6 10. e4 Nb6 11. Qb3 fxe4 12. dxe4 e5 13. Nd5 Nbxd5 14. exd5
O-O 15. Ng5 h6 16. Ne4 Kh8 17. Bd2 a5 18. Rac1 a4 19. Qc4 b5 20. Qd3 b4 21.
Nxd6 cxd6 22. Rc6 Bd7 23. Bxb4 e4 24. Qd4 Bxc6 25. dxc6 Rfc8 26. Rc1 Ra6 27.
Bxd6 Qe6 28. Be5 Raxc6 29. Rxc6 Rxc6 30. Bxf6 Rc1+ 31. Bf1 gxf6 32. Qd2 Qc6 33.
Qxh6+ Kg8 34. Qg6+ Kf8 35. h4 Ke7 36. Qg7+ Ke6 37. Qg4+ Kd6 38. Qe2 Rc2 39. Qe3
Qc5 40. Qf4+ Qe5 41. Qe3 Rxb2 42. Bc4 Rb4 43. Bg8 Kc6 44. Kg2 Qd4 45. Qc1+ Kd7
46. Qf4 Rb5 47. Bh7 Ke6 48. Bxe4 Rb4 49. Bf5+ Kd5 50. Qf3+ Kd6 51. h5 Qd2 52.
Bg6 Ke7 53. Qf5 Rc4 54. Bh7 Qg5 55. Qf3 Rc5 56. Bg6 Qd5 57. h6 Qxf3+ 58. Kxf3
Kf8 59. Kf4 Rb5 60. Bd3 Rb2 61. Kf5 Rxa2 62. Kg6 Rxf2 63. h7 Rh2 64. Bc4 f5 65.
Bg8 a3 66. Bc4 Rh3 0-1

[Event "2.BLO 1617 Nickelhütte Aue - SK Passau"]
[Site "?"]
[Date "2016.10.15"]
[Round "1.8"]
[White "Wichmann, Cliff"]
[Black "Linhart, Wolfgang"]
[Result "1-0"]
[WhiteElo "2308"]
[BlackElo "2117"]
[PlyCount "96"]
[EventDate "2016.??.??"]

1. d4 Nf6 2. c4 g6 3. Nc3 d5 4. Nf3 Bg7 5. Bf4 O-O 6. e3 c6 7. h3 Ne4 8. Nxe4
dxe4 9. Nd2 f5 10. Be2 Nd7 11. Bh2 e5 12. d5 Nb6 13. Qb3 Kh8 14. O-O cxd5 15.
c5 Nc4 16. Nxc4 dxc4 17. Qxc4 Qe7 18. b4 Be6 19. Qc2 Rad8 20. Rad1 a6 21. Bc4
Qf7 22. Bxe6 Qxe6 23. a3 Bf6 24. Kh1 Kg7 25. Rfe1 Rxd1 26. Rxd1 Rd8 27. Rxd8
Bxd8 28. Qd2 Bf6 29. Qd1 g5 30. a4 f4 31. b5 axb5 32. axb5 Be7 33. Qc1 Qc8 34.
c6 Qc7 35. Qc4 bxc6 36. bxc6 Bd6 37. Qxe4 Kf6 38. g4 h6 39. Qd5 Ke7 40. Kg2 Qb6
41. exf4 exf4 42. Bg1 Qc5 43. Qe4+ Qe5 44. Qh7+ Ke6 45. Qg8+ Ke7 46. f3 Qe2+
47. Bf2 Bc5 48. Qh7+ Kf6 1-0

[Event "2.BLO 1617 Bindl Aktionär - SC Garchin"]
[Site "?"]
[Date "2016.10.15"]
[Round "1.1"]
[White "Stocek, Jiri"]
[Black "Petr, Martin"]
[Result "1/2-1/2"]
[WhiteElo "2556"]
[BlackElo "2493"]
[PlyCount "147"]
[EventDate "2016.??.??"]

1. e4 e6 2. d4 d5 3. Nc3 Bb4 4. a3 Bxc3+ 5. bxc3 dxe4 6. Qg4 Nf6 7. Qxg7 Rg8 8.
Qh6 c5 9. Ne2 Nbd7 10. Ng3 Qc7 11. Bb5 Rg6 12. Qh4 Qa5 13. Bxd7+ Bxd7 14. O-O
Qxc3 15. Rb1 cxd4 16. Bg5 d3 17. cxd3 exd3 18. Rxb7 Bc6 19. Rc7 Qe5 20. Rxc6
Rxg5 21. Qa4 Qb5 22. Qf4 Qe5 23. Qa4 Kf8 24. Qb4+ Kg7 25. Rd6 Nd5 26. Qc5 Nf4
27. Qxe5+ Rxe5 28. Rd4 Ne2+ 29. Nxe2 dxe2 30. Re1 Ra5 31. Rxe2 Rxa3 32. g3 Ra5
33. Rd6 Rb8 34. Rd7 Rb6 35. Rc2 a6 36. Ra7 h5 37. h4 e5 38. Kg2 Kf6 39. Re2 Re6
40. Rb7 Rb5 41. Ra7 Ra5 42. Rc7 Kg6 43. Rec2 Ra3 44. Rc8 Kg7 45. Rd8 Ra5 46.
Rcc8 e4 47. Rg8+ Kf6 48. Rc2 Rb5 49. Ra8 a5 50. Ra2 Ree5 51. Ra6+ Kg7 52. Kf1
f6 53. Kg2 Kg6 54. Rc2 Rb3 55. Ra2 Rbb5 56. Rc2 Rec5 57. Rd2 Rd5 58. Rc2 Rd1
59. Rcc6 Rf5 60. Rc2 Ra1 61. Re2 Re5 62. Rc2 Ra3 63. Re2 a4 64. Kh2 Ra1 65. Kg2
Ra3 66. Ra7 Kf5 67. Ra6 Rc5 68. Rb2 Ra1 69. Rbb6 Rcc1 70. Rxf6+ Ke5 71. Rfe6+
Kf5 72. Rf6+ Ke5 73. Rfe6+ Kf5 74. Rf6+ 1/2-1/2

[Event "2.BLO 1617 Bindl Aktionär - SC Garchin"]
[Site "?"]
[Date "2016.10.15"]
[Round "1.2"]
[White "Kriebel, Tadeas"]
[Black "Loetscher, Roland"]
[Result "*"]
[WhiteElo "2445"]
[BlackElo "2437"]
[PlyCount "163"]
[EventDate "2016.??.??"]

1. c4 c6 2. g3 d5 3. Nf3 Bg4 4. Bg2 e6 5. cxd5 Bxf3 6. Bxf3 cxd5 7. Nc3 Nc6 8.
d3 Nf6 9. O-O Be7 10. Qa4 a6 11. e4 b5 12. Qd1 d4 13. Ne2 Rc8 14. Bg2 O-O 15.
h3 Nd7 16. Bd2 Nc5 17. Qb1 Qb6 18. Kh2 Rfd8 19. f4 a5 20. b3 b4 21. Rc1 Na7 22.
Rc4 Nb5 23. Bc1 Nc3 24. Nxc3 bxc3 25. Ba3 Rc7 26. Qg1 Rcd7 27. e5 Bf8 28. Rd1
Qb5 29. Qf2 Qb6 30. Bxc5 Bxc5 31. Be4 Rc7 32. Rc1 Bb4 33. Rxc7 Qxc7 34. Rc2 Bc5
35. Qf3 a4 36. Bc6 axb3 37. axb3 Rb8 38. Ba4 g6 39. g4 g5 40. fxg5 Bf8 41. Qe4
Bg7 42. Kg2 Bxe5 43. h4 Bg7 44. h5 Qe5 45. Qxe5 Bxe5 46. Kf3 Kf8 47. Ke4 Bg7
48. Rf2 Ke7 49. Kf3 Be5 50. Ke4 Bh8 51. Kf3 Rg8 52. Kf4 Kd6 53. b4 Rb8 54. b5
Kc5 55. Ke4 Rb7 56. Bd1 Ra7 57. g6 hxg6 58. hxg6 fxg6 59. Rf8 Ra1 60. Rxh8 Rxd1
61. Rc8+ Kxb5 62. Kxd4 e5+ 63. Kxe5 Rxd3 64. Ke4 Rh3 65. Ke5 Rf3 66. Ke4 Rh3
67. Ke5 g5 68. Kf5 Re3 69. Kxg5 Re5+ 70. Kf6 Rc5 71. Rb8+ Kc4 72. Rb1 c2 73.
Rc1 Kd3 74. g5 Rc6+ 75. Kf7 Kd2 76. Rxc2+ Kxc2 77. g6 Kd3 78. g7 Rc7+ 79. Kf8
Rc8+ 80. Kf7 Ke4 81. g8=Q Rxg8 82. Kxg8 *

[Event "2.BLO 1617 Bindl Aktionär - SC Garchin"]
[Site "?"]
[Date "2016.10.15"]
[Round "1.3"]
[White "Bredl, Harald"]
[Black "Neuman, Petr"]
[Result "1/2-1/2"]
[WhiteElo "2347"]
[BlackElo "2423"]
[PlyCount "49"]
[EventDate "2016.??.??"]

1. d4 Nf6 2. c4 e6 3. Nc3 Bb4 4. Qc2 d5 5. a3 Bxc3+ 6. Qxc3 dxc4 7. Qxc4 b6 8.
Nf3 O-O 9. Bg5 Ba6 10. Qa4 c5 11. e3 Bxf1 12. Rxf1 Nbd7 13. Ke2 Qc7 14. Bxf6
gxf6 15. Rac1 Qb7 16. dxc5 Nxc5 17. Qg4+ Kh8 18. Qh4 Ne4 19. Rc4 f5 20. Rxe4
Qxe4 21. Qf6+ Kg8 22. Qg5+ Kh8 23. Qf6+ Kg8 24. Qg5+ Kh8 25. Qf6+ 1/2-1/2

[Event "2.BLO 1617 Bindl Aktionär - SC Garchin"]
[Site "?"]
[Date "2016.10.15"]
[Round "1.4"]
[White "Cech, Pavel"]
[Black "Seifert, Volker"]
[Result "1/2-1/2"]
[WhiteElo "2355"]
[BlackElo "2359"]
[PlyCount "59"]
[EventDate "2016.??.??"]

1. e4 e6 2. d4 d5 3. Nd2 a6 4. Ngf3 c5 5. c3 Nc6 6. Bd3 cxd4 7. cxd4 dxe4 8.
Nxe4 Bb4+ 9. Nc3 Nf6 10. O-O O-O 11. Bb1 Be7 12. a3 b5 13. Qd3 Bb7 14. Bg5 g6
15. Ba2 b4 16. Na4 bxa3 17. bxa3 Na5 18. Ne5 Be4 19. Qd2 Nc6 20. Rfd1 Rc8 21.
Nc3 Bd5 22. Bh6 Re8 23. Nxd5 Nxd5 24. Rac1 Nxe5 25. dxe5 Bxa3 26. Rxc8 Qxc8 27.
Bxd5 exd5 28. Qxd5 Qc5 29. Qxc5 Bxc5 30. Kf1 1/2-1/2

[Event "2.BLO 1617 Bindl Aktionär - SC Garchin"]
[Site "?"]
[Date "2016.10.15"]
[Round "1.5"]
[White "Koepke, Christian"]
[Black "Wall, Gavin"]
[Result "1/2-1/2"]
[WhiteElo "2305"]
[BlackElo "2349"]
[PlyCount "52"]
[EventDate "2016.??.??"]

1. e4 e5 2. Nf3 d6 3. d4 exd4 4. Nxd4 Nf6 5. Nc3 Be7 6. Bf4 O-O 7. Be2 Re8 8.
Qd2 Nc6 9. O-O-O Nxd4 10. Qxd4 Be6 11. Qe3 Bf8 12. h4 c6 13. Qg3 Qa5 14. Bxd6
Bxa2 15. Bxf8 Kxf8 16. Bd3 Rad8 17. f4 b5 18. e5 Nd5 19. Qf2 Nxc3 20. Qc5+ Kg8
21. Qxc3 Qxc3 22. bxc3 Bd5 23. Rd2 f6 24. exf6 gxf6 25. Rhd1 Rb8 26. g4 Re3
1/2-1/2

[Event "2.BLO 1617 Bindl Aktionär - SC Garchin"]
[Site "?"]
[Date "2016.10.15"]
[Round "1.6"]
[White "Krensing, Jan"]
[Black "Levushkina, Elena"]
[Result "1/2-1/2"]
[WhiteElo "2325"]
[BlackElo "2340"]
[PlyCount "43"]
[EventDate "2016.??.??"]

1. c4 e5 2. Nc3 Nf6 3. g3 Bb4 4. Bg2 O-O 5. Nf3 Re8 6. O-O e4 7. Ne1 Nc6 8. Nc2
Bxc3 9. dxc3 h6 10. Ne3 d6 11. b3 a5 12. a4 Be6 13. Nd5 Bf5 14. h3 Ne5 15. Be3
Nfd7 16. Bd4 Bh7 17. Ra2 b6 18. Rd2 Nc6 19. Be3 Nce5 20. Bd4 Nc6 21. Be3 Nce5
22. Bd4 1/2-1/2

[Event "2.BLO 1617 Bindl Aktionär - SC Garchin"]
[Site "?"]
[Date "2016.10.15"]
[Round "1.7"]
[White "Schmitz, Thorsten"]
[Black "Wetscherek, Andreas"]
[Result "0-1"]
[WhiteElo "2308"]
[BlackElo "2319"]
[PlyCount "82"]
[EventDate "2016.??.??"]

1. e4 e5 2. Nf3 Nc6 3. Nc3 Nf6 4. g3 Bb4 5. Bg2 O-O 6. O-O Bxc3 7. dxc3 Nxe4 8.
Nxe5 d5 9. Nxc6 bxc6 10. Be3 Re8 11. Re1 Bf5 12. g4 Bg6 13. f3 Nd6 14. b3 a5
15. a4 h5 16. h3 Qf6 17. Qd2 hxg4 18. hxg4 Bh7 19. Re2 Qg6 20. Rae1 Re6 21. Bf2
Rae8 22. Rxe6 Rxe6 23. Rxe6 fxe6 24. c4 Qxc2 25. Qxa5 dxc4 26. bxc4 Bd3 27.
Qxc7 Qc1+ 28. Kh2 Qf4+ 29. Kh3 Bxc4 30. Bc5 Qh6+ 31. Kg3 g5 32. Bh3 Nf7 33.
Qb8+ Kh7 34. Qb1+ Kg8 35. Qb8+ Kh7 36. Qc7 e5 37. Qe7 Bd5 38. Bf1 Qh4+ 39. Kg2
Qxg4+ 40. Kh2 Qf4+ 41. Kg1 Qxf3 0-1

[Event "2.BLO 1617 Bindl Aktionär - SC Garchin"]
[Site "?"]
[Date "2016.10.15"]
[Round "1.8"]
[White "Loew, Gerald"]
[Black "Dehlinger, Alexander"]
[Result "1/2-1/2"]
[WhiteElo "2251"]
[BlackElo "2275"]
[PlyCount "34"]
[EventDate "2016.??.??"]

1. c4 Nf6 2. g3 e6 3. Bg2 d5 4. Nf3 dxc4 5. Qa4+ c6 6. Qxc4 b5 7. Qc2 Bb7 8.
O-O Nbd7 9. Nc3 Be7 10. d4 a6 11. Rd1 Qb6 12. e4 c5 13. d5 O-O 14. Bf4 exd5 15.
e5 Nh5 16. Nxd5 Bxd5 17. Rxd5 Nxf4 1/2-1/2

[Event "2.BLO 1617 SK König Plauen - SC Erlange"]
[Site "?"]
[Date "2016.10.15"]
[Round "1.1"]
[White "Wenninger, Philipp"]
[Black "Mastrovasilis, Dimitrios"]
[Result "0-1"]
[WhiteElo "2360"]
[BlackElo "2590"]
[PlyCount "128"]
[EventDate "2016.??.??"]

1. d4 d5 2. c4 e6 3. Nc3 a6 4. Nf3 dxc4 5. a4 Nc6 6. e3 Na5 7. Ne5 Nf6 8. Nxc4
c5 9. Nxa5 Qxa5 10. Be2 cxd4 11. Qxd4 e5 12. Qh4 Bb4 13. O-O O-O 14. e4 Be6 15.
Bg5 Be7 16. Qg3 Kh8 17. Bg4 Nxg4 18. Bxe7 Rfe8 19. Ba3 Nf6 20. b4 Qb6 21. Rfd1
Rac8 22. Rac1 Bb3 23. Rd3 Qe6 24. Qe3 h6 25. h3 Red8 26. Bb2 Nh5 27. Rxd8+ Rxd8
28. Nd5 Bxd5 29. exd5 Rxd5 30. Re1 Nf4 31. Qe4 Nd3 32. Re2 f5 33. Qh4 Qg6 34.
Qg3 Qxg3 35. fxg3 Kh7 36. Bc3 Kg6 37. Kf1 Kf7 38. Re3 Ke6 39. Ke2 Nc1+ 40. Ke1
Nd3+ 41. Ke2 Nc1+ 42. Ke1 g5 43. Bd2 Nd3+ 44. Ke2 e4 45. Bc3 Rd7 46. g4 Nf4+
47. Kf2 Nd5 48. gxf5+ Kxf5 49. Rg3 e3+ 50. Rxe3 Nxe3 51. Kxe3 Rd1 52. Bd4 Rb1
53. Bc5 Ke5 54. Kf3 h5 55. Be7 Rb3+ 56. Kf2 b5 57. axb5 axb5 58. Bxg5 Rxb4 59.
g3 Rc4 60. Ke2 b4 61. Bh6 Ke4 62. Kd2 b3 63. Bg7 Rc2+ 64. Kd1 Kd3 0-1

[Event "2.BLO 1617 SK König Plauen - SC Erlange"]
[Site "?"]
[Date "2016.10.15"]
[Round "1.2"]
[White "Plat, Vojtech"]
[Black "Hilverda, Alexander"]
[Result "1-0"]
[WhiteElo "2532"]
[BlackElo "2392"]
[PlyCount "81"]
[EventDate "2016.??.??"]

1. d4 d5 2. c4 c6 3. Nc3 Nf6 4. cxd5 cxd5 5. Bf4 Nc6 6. e3 Bf5 7. Qb3 Na5 8.
Qa4+ Bd7 9. Qc2 Rc8 10. Nf3 e6 11. Bd3 b5 12. a3 Nc4 13. O-O Be7 14. Qe2 O-O
15. Ne5 a6 16. a4 Qb6 17. Nxd7 Nxd7 18. axb5 axb5 19. b3 Nce5 20. Nxd5 exd5 21.
dxe5 b4 22. Bf5 Rcd8 23. Ra6 Qb7 24. Qa2 Ra8 25. Ra1 Rxa6 26. Qxa6 Qxa6 27.
Rxa6 Nc5 28. Ra7 Re8 29. Bd7 Rd8 30. Bf5 Bf8 31. Bc2 Rc8 32. Kf1 Ne6 33. Bd1
Rc1 34. Ke2 Rb1 35. Bc2 Rb2 36. Kd1 Nc5 37. e6 fxe6 38. Be5 Rxb3 39. Bxb3 Nxb3
40. Ra8 Kf7 41. Kc2 1-0

[Event "2.BLO 1617 SK König Plauen - SC Erlange"]
[Site "?"]
[Date "2016.10.15"]
[Round "1.3"]
[White "Klek, Hanna Marie"]
[Black "Zawadzka, Jolanta"]
[Result "0-1"]
[WhiteElo "2326"]
[BlackElo "2431"]
[PlyCount "128"]
[EventDate "2016.??.??"]

1. e4 e5 2. Nf3 Nc6 3. Bc4 Bc5 4. d3 Nf6 5. Bb3 d6 6. c3 a6 7. O-O O-O 8. Nbd2
h6 9. h3 Ba7 10. Re1 Be6 11. Bc2 Nh7 12. Nf1 d5 13. exd5 Bxd5 14. Ne3 Be6 15.
Ng4 Bxg4 16. hxg4 Qf6 17. Qe2 Rfe8 18. Qe4 Nf8 19. g5 hxg5 20. Bxg5 Qg6 21.
Qxg6 Nxg6 22. Rad1 Nf8 23. Bc1 Rad8 24. a4 a5 25. g3 Nd7 26. Kg2 Bc5 27. Re2 g6
28. Rde1 Re7 29. Nh4 Kg7 30. f4 exf4 31. Bxf4 Rxe2+ 32. Rxe2 Bd6 33. Bg5 Rh8
34. d4 Nf6 35. Bxf6+ Kxf6 36. Bb3 Kg7 37. Rf2 f6 38. Re2 Ne7 39. Bc2 Rh5 40. c4
b6 41. Nf3 Rh8 42. d5 Kf7 43. b3 Bc5 44. Nd2 c6 45. dxc6 Nxc6 46. Nf3 Rd8 47.
Be4 Nb4 48. Rd2 Rxd2+ 49. Nxd2 f5 50. Bb1 Kf6 51. g4 Be3 52. Nf1 Bf4 53. Kf3
Ke5 54. gxf5 gxf5 55. Ne3 Bxe3 56. Kxe3 Nc6 57. Bc2 f4+ 58. Kd2 Kd4 59. Bf5 Ne5
60. Ke2 Kc3 61. Be6 Nd3 62. Bf7 Kxb3 63. Kf3 Kxa4 64. Ke4 Nb4 0-1

[Event "2.BLO 1617 SK König Plauen - SC Erlange"]
[Site "?"]
[Date "2016.10.15"]
[Round "1.4"]
[White "Kunze, Carlo"]
[Black "Miller, Eduard"]
[Result "0-1"]
[WhiteElo "2284"]
[BlackElo "2298"]
[PlyCount "98"]
[EventDate "2016.??.??"]

1. d4 Nf6 2. c4 g6 3. Nc3 Bg7 4. e4 d6 5. Be2 O-O 6. Nf3 e5 7. d5 Na6 8. Bg5 h6
9. Bh4 g5 10. Bg3 Nxe4 11. Nxe4 f5 12. Nfd2 fxe4 13. Nxe4 Bf5 14. Bd3 g4 15.
O-O h5 16. f3 Bxe4 17. fxe4 Rxf1+ 18. Qxf1 Qg5 19. Qc1 Qg6 20. Bf2 Nc5 21. Bc2
Bh6 22. Be3 Bxe3+ 23. Qxe3 a5 24. Rf1 Rf8 25. Rxf8+ Kxf8 26. Qd2 b6 27. a3 Ke7
28. b4 axb4 29. axb4 Nd7 30. Qe3 Qf6 31. g3 Qg6 32. Kg2 Kf8 33. Kg1 Kg7 34. Kg2
Nf6 35. c5 Nxd5 36. Qd2 Ne7 37. cxb6 cxb6 38. Qe3 d5 39. Qc3 d4 40. Qc7 Qe6 41.
Bb3 Qf6 42. Kg1 Qg5 43. Bc4 Kh6 44. Bb5 Qe3+ 45. Kf1 Ng6 46. Be8 Qf3+ 47. Kg1
Qd1+ 48. Kf2 d3 49. Bxg6 Qc2+ 0-1

[Event "2.BLO 1617 SK König Plauen - SC Erlange"]
[Site "?"]
[Date "2016.10.15"]
[Round "1.5"]
[White "Merkert, Maximilian"]
[Black "Espig, Lutz"]
[Result "1-0"]
[WhiteElo "2229"]
[BlackElo "2264"]
[PlyCount "55"]
[EventDate "2016.??.??"]

1. c4 c5 2. g3 Nc6 3. Bg2 g6 4. Nc3 Bg7 5. Nf3 d6 6. O-O e5 7. a3 a5 8. d3 Nge7
9. Bg5 f6 10. Bd2 Be6 11. Ne1 O-O 12. Nc2 d5 13. cxd5 Nxd5 14. Ne3 Nxe3 15.
Bxe3 Nd4 16. Bxd4 cxd4 17. Na4 Qe7 18. Rc1 Rac8 19. Qd2 b5 20. Nb6 Rc5 21. b4
Rxc1 22. Rxc1 axb4 23. axb4 Rb8 24. Rc6 Bf7 25. Bd5 Qa7 26. Bxf7+ Kxf7 27. Qc1
Rb7 28. Nc8 1-0

[Event "2.BLO 1617 SK König Plauen - SC Erlange"]
[Site "?"]
[Date "2016.10.15"]
[Round "1.6"]
[White "Kuraszkiewicz, Michael"]
[Black "Liepold, Stefan"]
[Result "1-0"]
[WhiteElo "2296"]
[BlackElo "2188"]
[PlyCount "95"]
[EventDate "2016.??.??"]

1. d4 Nf6 2. Bg5 c5 3. d5 Qb6 4. Nc3 Qxb2 5. Bd2 Qb6 6. e4 d6 7. f4 e5 8. fxe5
dxe5 9. Nf3 Bd6 10. Rb1 Qd8 11. Bc4 O-O 12. O-O Ne8 13. Ng5 h6 14. Nxf7 Rxf7
15. Rxf7 Kxf7 16. Qh5+ Kg8 17. Bxh6 Nd7 18. Qg6 Nf8 19. Qg3 a6 20. a4 Qf6 21.
Be3 Qg6 22. Qh4 Nf6 23. Rb6 Qg4 24. Qf2 Qd7 25. h3 Qc7 26. Rxd6 Qxd6 27. Bxc5
Qd8 28. Bb3 Qe8 29. Be7 N8h7 30. d6+ Kh8 31. Nd5 Nxd5 32. Bxd5 Qxa4 33. Qf7 Bd7
34. Qh5 Bc6 35. Qxe5 Bxd5 36. Qxd5 Qa1+ 37. Kh2 Nf6 38. Qf5 Qd4 39. e5 Nd7 40.
e6 Qe5+ 41. Qxe5 Nxe5 42. d7 Nc6 43. Bg5 Ne5 44. Kg3 Kh7 45. Kf4 Ng6+ 46. Kf5
Rf8+ 47. Ke4 Ra8 48. e7 1-0

[Event "2.BLO 1617 SK König Plauen - SC Erlange"]
[Site "?"]
[Date "2016.10.15"]
[Round "1.7"]
[White "Walter, Thomas"]
[Black "Schaller, Sven"]
[Result "1-0"]
[WhiteElo "2128"]
[BlackElo "2282"]
[PlyCount "73"]
[EventDate "2016.??.??"]

1. e4 c5 2. Nf3 d6 3. d4 cxd4 4. Nxd4 Nf6 5. Nc3 a6 6. Bg5 e6 7. f4 Qc7 8. Qf3
Be7 9. O-O-O Nbd7 10. g4 b5 11. Bxf6 gxf6 12. Bg2 Bb7 13. Rhe1 Nb6 14. f5 e5
15. Nde2 Rc8 16. Qd3 h5 17. h3 hxg4 18. hxg4 b4 19. Nd5 Nxd5 20. exd5 Rh2 21.
Be4 Qa5 22. Kb1 Rc5 23. Qf3 Qa4 24. b3 Qb5 25. Bd3 Qb6 26. Bc4 a5 27. Rh1 Rxh1
28. Rxh1 a4 29. Rh8+ Kd7 30. g5 Rxc4 31. bxc4 Ba6 32. g6 Bxc4 33. g7 b3 34.
axb3 axb3 35. cxb3 Bxb3 36. Qc3 Bxd5+ 37. Kc1 1-0

[Event "2.BLO 1617 SK König Plauen - SC Erlange"]
[Site "?"]
[Date "2016.10.15"]
[Round "1.8"]
[White "Pfretzschner, Roland"]
[Black "Boettger, Lukas"]
[Result "1/2-1/2"]
[WhiteElo "2214"]
[BlackElo "2244"]
[PlyCount "74"]
[EventDate "2016.??.??"]

1. e4 c5 2. Nf3 d6 3. Bb5+ Nd7 4. d4 cxd4 5. Qxd4 a6 6. Bxd7+ Bxd7 7. Nc3 e5 8.
Qd3 h6 9. Nd2 Nf6 10. Nc4 Be6 11. Ne3 Rc8 12. O-O Qc7 13. Rd1 Be7 14. a4 O-O
15. Qe2 Rfd8 16. Qf3 Qc5 17. Nf5 Bxf5 18. Qxf5 Qb4 19. Ra3 Qxa3 20. bxa3 Rxc3
21. g3 Rdc8 22. Bd2 Rxc2 23. Qf3 R8c4 24. Qb3 Nxe4 25. Qxb7 Bf8 26. Be3 Nc3 27.
Rd2 Rxd2 28. Bxd2 Nxa4 29. Qxa6 Rd4 30. Bb4 Nc5 31. Qb6 Rd1+ 32. Kg2 Ra1 33.
Qb5 g6 34. Qe2 Be7 35. Qb2 Rd1 36. Qc2 Ra1 37. Qb2 Rd1 1/2-1/2

[Event "2.BLO 1617 Erfurter SK - SC Forchheim"]
[Site "?"]
[Date "2016.10.15"]
[Round "1.1"]
[White "Jirovsky, Milos"]
[Black "Mihok, Oliver"]
[Result "1/2-1/2"]
[WhiteElo "2439"]
[BlackElo "2498"]
[PlyCount "56"]
[EventDate "2016.??.??"]

1. Nf3 c5 2. c4 Nc6 3. Nc3 g6 4. g3 e5 5. Bg2 Bg7 6. O-O Nge7 7. d3 d6 8. a3
O-O 9. Rb1 a5 10. Bd2 Rb8 11. Qc1 b6 12. Bh6 f6 13. Bxg7 Kxg7 14. Ne1 Be6 15.
Nc2 d5 16. cxd5 Nxd5 17. Nxd5 Bxd5 18. b4 Bxg2 19. Kxg2 Qd5+ 20. f3 cxb4 21.
axb4 Rfc8 22. Qa3 Qd6 23. bxa5 Qxa3 24. Nxa3 bxa5 25. f4 exf4 26. Rxf4 Rxb1 27.
Nxb1 Rb8 28. Rc4 Rxb1 1/2-1/2